000 01009nam a2200289 a 4500
001 25690
003 CO-ViMGA
008 141112s2004 ck r 000 u spa d
020 _a9789582010652
040 _aCO-ViMGA
_bspa
_cCO-ViMGA
041 _aSPA
082 0 4 _a512.72 D15n
100 1 _aD'Amore, Bruno, 1946 -
_939547
245 1 0 _aEl número cero :
_baspectos históricos, epistemológicos, filosóficos, conceptuales y didácticos del número más misterioso /
_cBruno D'Amore y Martha Isabel Fandiño Pinilla ; traducción Patricia Marisel Konic
250 _a1a ed.
260 _aBogotá :
_bMagisterio,
_c2012
300 _a143 p.
490 _aDidácticas
500 _aIncluye bibliografía
650 1 4 _aFILOSOFIA DE LAS MATEMATICAS
650 1 4 _aMATEMATICAS - HISTORIA
_927075
650 1 4 _aNUMEROS NATURALES
_939548
650 1 4 _aTEORIA DE LOS NUMEROS
_939549
700 1 _aFandiño Pinilla, Martha Isabel
_939550
700 1 _aKonic, Patricia Marisel
_939551
942 _2ddc
_cBK
999 _c5258
_d5258